000 01523cam a2200373 i 4500
999 _c60427
_d60427
001 19473540
005 20230717103241.0
008 170131s2017 dcu b 001 0 eng
010 _a 2016051163
020 _a9781433826573 (hbk.) X
020 _a1433826534 X
040 _aDLC
_beng
_erda
_cDLC
_dDLC
042 _apcc
050 0 0 _aRC552.T7
_bA63 2017
080 _a159.9+616 A-66
245 0 0 _aAPA handbook of trauma psychology : 2 volumes /
_cSteven N. Gold, PhD, editor-in-chief, Joan M. Cook and Constance J. Dalenbert, associate editors.
246 3 _aHandbook fo trauma psychology
250 _aFirst edition.
264 1 _aWashington, DC :
_bAmerican Psychological Association,
_c[2017]
300 _a599 p:.
_b29 cm.
336 _atext
_btxt
_2rdacontent
337 _aunmediated
_bn
_2rdamedia
338 _avolume
_bnc
_2rdacarrier
490 0 _aAPA handbooks in psychology
504 _aIncludes bibliographical references and index.
650 0 _aPsychic trauma.
_919360
653 _aფსიქიკური ტრავმა
700 1 _aGold, Steven N.,
_eeditor. რედაქტორი
_919361
700 1 _aCook, Joan M.,
_eeditor. რედაქტორი
_919362
700 1 _aDalenberg, Constance J.,
_eeditor. რედაქტორი
_919363
906 _a7
_bcbc
_corignew
_d1
_eecip
_f20
_gy-gencatlg
942 _2udc
_cBK
955 _brl11 2017-01-31
_irl11 2017-01-31 to Dewey
_axn05 2017-06-22 1 copy v. 1 and 2 rec'd, to CIP ver.
_arl00 2017-06-27 to SMA vol. 1 & 2